Tourism in Singapore - Statistics

General Stats
  • This quiz has been taken 106 times
  • The average score is 184 of 200
Answer Stats
Year No. of Visitors Origin Country % Correct
2000 385,585 United States
99%
2001 343,808 United States
99%
2002 327,651 United States
99%
2003 250,662 United States
99%
2004 333,145 United States
99%
2005 371,355 United States
99%
2006 399,786 United States
99%
2007 408,885 United States
99%
2008 396,631 United States
99%
2009 370,704 United States
99%
2010 417,195 United States
99%
2012 477,213 United States
99%
2013 491,946 United States
99%
2017 565,430 United States
99%
2018 643,243 United States
99%
2019 729,260 United States
99%
2000 434,335 China
98%
2001 497,398 China
98%
2002 670,093 China
98%
2003 568,483 China
98%
2004 880,240 China
98%
2005 857,682 China
98%
2006 1,037,201 China
98%
2007 1,113,956 China
98%
2008 1,078,742 China
98%
2009 936,747 China
98%
2010 1,171,493 China
98%
2011 1,577,522 China
98%
2012 2,034,177 China
98%
2013 2,269,870 China
98%
2014 1,722,380 China
98%
2015 2,106,164 China
98%
2016 2,863,669 China
98%
2017 3,228,134 China
98%
2018 3,417,604 China
98%
2019 3,627,030 China
98%
2000 1,313,316 Indonesia
98%
2001 1,364,380 Indonesia
98%
2002 1,392,997 Indonesia
98%
2003 1,341,688 Indonesia
98%
2004 1,765,422 Indonesia
98%
2005 1,813,569 Indonesia
98%
2006 1,922,217 Indonesia
98%
2007 1,962,055 Indonesia
98%
2008 1,765,429 Indonesia
98%
2009 1,745,330 Indonesia
98%
2010 2,306,243 Indonesia
98%
2011 2,592,222 Indonesia
98%
2012 2,837,537 Indonesia
98%
2013 3,088,859 Indonesia
98%
2014 3,025,178 Indonesia
98%
2015 2,731,690 Indonesia
98%
2016 2,893,646 Indonesia
98%
2017 2,954,400 Indonesia
98%
2018 3,021,455 Indonesia
98%
2019 3,110,416 Indonesia
98%
2000 929,895 Japan
98%
2001 755,763 Japan
98%
2002 723,409 Japan
98%
2003 434,049 Japan
98%
2004 598,811 Japan
98%
2005 588,452 Japan
98%
2006 594,406 Japan
98%
2007 594,514 Japan
98%
2008 571,040 Japan
98%
2009 489,987 Japan
98%
2010 528,951 Japan
98%
2011 656,417 Japan
98%
2012 757,116 Japan
98%
2013 832,845 Japan
98%
2014 824,741 Japan
98%
2015 789,179 Japan
98%
2016 783,863 Japan
98%
2017 792,873 Japan
98%
2018 829,676 Japan
98%
2019 884,304 Japan
98%
2000 564,750 Malaysia
98%
2001 578,719 Malaysia
98%
2002 548,647 Malaysia
98%
2003 439,413 Malaysia
98%
2004 537,287 Malaysia
98%
2005 577,987 Malaysia
98%
2006 634,303 Malaysia
98%
2007 645,774 Malaysia
98%
2008 647,480 Malaysia
98%
2009 764,309 Malaysia
98%
2010 1,037,489 Malaysia
98%
2011 1,140,935 Malaysia
98%
2012 1,231,687 Malaysia
98%
2013 1,280,942 Malaysia
98%
2014 1,233,035 Malaysia
98%
2015 1,171,077 Malaysia
98%
2016 1,151,587 Malaysia
98%
2017 1,168,384 Malaysia
98%
2018 1,254,022 Malaysia
98%
2019 1,220,664 Malaysia
98%
2003 235,798 Thailand
96%
2004 341,965 Thailand
96%
2005 379,040 Thailand
96%
2009 317,905 Thailand
96%
2010 430,067 Thailand
96%
2011 472,708 Thailand
96%
2012 477,654 Thailand
96%
2013 497,409 Thailand
96%
2014 506,509 Thailand
96%
2015 516,409 Thailand
96%
2016 546,556 Thailand
96%
2000 354,353 South Korea
95%
2001 359,083 South Korea
95%
2002 371,018 South Korea
95%
2003 261,394 South Korea
95%
2004 361,079 South Korea
95%
2005 364,073 South Korea
95%
2006 454,722 South Korea
95%
2007 464,292 South Korea
95%
2008 423,018 South Korea
95%
2014 536,975 South Korea
95%
2015 577,082 South Korea
95%
2016 566,510 South Korea
95%
2017 631,363 South Korea
95%
2018 629,454 South Korea
95%
2019 645,839 South Korea
95%
2000 346,356 India
94%
2001 339,813 India
94%
2002 375,628 India
94%
2003 309,439 India
94%
2004 471,207 India
94%
2005 583,401 India
94%
2006 658,902 India
94%
2007 748,728 India
94%
2008 778,303 India
94%
2009 725,624 India
94%
2010 828,994 India
94%
2011 868,991 India
94%
2012 894,993 India
94%
2013 933,553 India
94%
2014 943,636 India
94%
2015 1,013,986 India
94%
2016 1,097,200 India
94%
2017 1,272,077 India
94%
2018 1,442,277 India
94%
2019 1,417,931 India
94%
2000 510,347 Australia
93%
2001 550,681 Australia
93%
2002 538,378 Australia
93%
2003 392,891 Australia
93%
2004 561,219 Australia
93%
2005 620,196 Australia
93%
2006 691,632 Australia
93%
2007 768,490 Australia
93%
2008 833,156 Australia
93%
2009 830,299 Australia
93%
2010 880,558 Australia
93%
2011 956,039 Australia
93%
2012 1,050,373 Australia
93%
2013 1,125,179 Australia
93%
2014 1,074,878 Australia
93%
2015 1,043,568 Australia
93%
2016 1,027,314 Australia
93%
2017 1,082,001 Australia
93%
2018 1,107,224 Australia
93%
2019 1,143,305 Australia
93%
2000 444,976 United Kingdom
93%
2001 460,018 United Kingdom
93%
2002 458,509 United Kingdom
93%
2003 387,969 United Kingdom
93%
2004 457,252 United Kingdom
93%
2005 467,079 United Kingdom
93%
2006 488,167 United Kingdom
93%
2007 495,693 United Kingdom
93%
2008 492,933 United Kingdom
93%
2009 469,756 United Kingdom
93%
2010 461,769 United Kingdom
93%
2011 442,611 United Kingdom
93%
2012 472,167 United Kingdom
93%
2019 607,791 United Kingdom
93%
2017 531,359 Vietnam
90%
2018 591,614 Vietnam
90%
2000 290,904 Taiwan
84%
2006 386,119 Philippines
76%
2007 418,775 Philippines
76%
2008 418,938 Philippines
76%
2009 432,072 Philippines
76%
2010 544,449 Philippines
76%
2011 677,723 Philippines
76%
2012 656,804 Philippines
76%
2013 687,794 Philippines
76%
2014 676,481 Philippines
76%
2015 673,374 Philippines
76%
2016 691,643 Philippines
76%
2017 736,500 Philippines
76%
2018 778,141 Philippines
76%
2019 829,304 Philippines
76%
2001 276,157 Hong Kong
31%
2002 265,965 Hong Kong
31%
2011 464,375 Hong Kong
31%
2013 539,810 Hong Kong
31%
2014 631,029 Hong Kong
31%
2015 609,888 Hong Kong
31%
2016 537,970 Hong Kong
31%
No matching quizzes found
Score Distribution
Percent of People with Each Score
Percentile by Number Answered
Your Score History
You have not taken this quiz